[Event "World Cup 2023 Open"]
[Site "Baku, Azerbaijan"]
[Date "2023.08.05"]
[Round "15.7"]
[White "Mastrovasilis Dimitrios (GRE)"]
[Black "Vidit Santosh Gujrathi (IND)"]
[Result "1/2-1/2"]
[WhiteFideId "4202694"]
[BlackFideId "5029465"]
[WhiteElo "2587"]
[BlackElo "2719"]

1. e4 {[%clk 00:10:17]} {[%emt 00:00:02]} e5 {[%clk 00:10:18]} {[%emt
00:00:03]} 2. Nf3 {[%clk 00:10:24]} {[%emt 00:00:02]} Nc6 {[%clk 00:10:27]}
{[%emt 00:00:02]} 3. Bc4 {[%clk 00:10:29]} {[%emt 00:00:05]} Bc5 {[%clk
00:10:34]} {[%emt 00:00:03]} 4. c3 {[%clk 00:10:32]} {[%emt 00:00:06]} Nf6
{[%clk 00:10:41]} {[%emt 00:00:03]} 5. d4 {[%clk 00:10:37]} {[%emt 00:00:06]}
exd4 {[%clk 00:10:48]} {[%emt 00:00:04]} 6. e5 {[%clk 00:10:41]} {[%emt
00:00:05]} d5 {[%clk 00:10:54]} {[%emt 00:00:04]} 7. Be2 {[%clk 00:10:44]}
{[%emt 00:00:06]} Ne4 {[%clk 00:11:02]} {[%emt 00:00:03]} 8. cxd4 {[%clk
00:10:50]} {[%emt 00:00:03]} Bb4+ {[%clk 00:11:10]} {[%emt 00:00:02]} 9. Bd2
{[%clk 00:10:54]} {[%emt 00:00:06]} Nxd2 {[%clk 00:11:15]} {[%emt 00:00:06]} 10.
Nbxd2 {[%clk 00:11:01]} {[%emt 00:00:02]} O-O {[%clk 00:11:16]} {[%emt
00:00:09]} 11. O-O {[%clk 00:11:04]} {[%emt 00:00:07]} f6 {[%clk 00:11:23]}
{[%emt 00:00:03]} 12. Rc1 {[%clk 00:08:25]} {[%emt 00:02:49]} fxe5 {[%clk
00:07:31]} {[%emt 00:04:02]} 13. dxe5 {[%clk 00:08:31]} {[%emt 00:00:03]} Bg4
{[%clk 00:07:34]} {[%emt 00:00:08]} 14. h3 {[%clk 00:06:54]} {[%emt 00:01:48]}
Bh5 {[%clk 00:07:31]} {[%emt 00:00:12]} 15. a3 {[%clk 00:06:38]} {[%emt
00:00:26]} Be7 {[%clk 00:04:18]} {[%emt 00:03:23]} 16. Qb3 {[%clk 00:05:00]}
{[%emt 00:01:48]} Nxe5 {[%clk 00:03:25]} {[%emt 00:01:04]} 17. Qxb7 {[%clk
00:04:33]} {[%emt 00:00:36]} Rb8 {[%clk 00:02:49]} {[%emt 00:00:45]} 18. Qxc7
{[%clk 00:04:00]} {[%emt 00:00:43]} Qxc7 {[%clk 00:02:01]} {[%emt 00:00:59]} 19.
Rxc7 {[%clk 00:04:07]} {[%emt 00:00:02]} Bd6 {[%emt 00:02:43]} 20. Rxa7 {[%clk
00:01:35]} {[%emt 00:00:03]} Rxb2 {[%emt 00:00:08]} 21. Ra6 {[%clk 00:00:59]}
{[%emt 00:00:32]} Bc5 22. Ra5 {[%clk 00:00:41]} {[%emt 00:01:54]} Bxf3 23. Nxf3
{[%clk 00:00:37]} {[%emt 00:00:39]} Rxe2 {[%clk 00:01:05]} 24. Rxc5 {[%clk
00:00:37]} Nxf3+ {[%clk 00:01:05]} {[%emt 00:00:18]} 25. gxf3 {[%clk 00:00:45]}
{[%emt 00:00:02]} Rxf3 {[%emt 00:00:22]} 26. Rxd5 {[%clk 00:00:41]} {[%emt
00:00:11]} Rxa3 {[%clk 00:01:09]} 27. Kg2 {[%clk 00:00:44]} Re6 28. Rg5 {[%emt
00:00:34]} h6 {[%clk 00:01:08]} {[%emt 00:00:01]} 29. Rg3 {[%emt 00:00:11]} Ra2
{[%emt 00:00:11]} 30. Rd1 {[%emt 00:00:06]} Rf6 {[%clk 00:01:10]} {[%emt
00:00:01]} 31. Rf3 {[%emt 00:00:04]} Rxf3 {[%clk 00:01:17]} {[%emt 00:00:01]}
32. Kxf3 {[%emt 00:00:05]} 1/2-1/2

[Event "World Cup 2023 Open"]
[Site "Baku, Azerbaijan"]
[Date "2023.08.05"]
[Round "15.11"]
[White "Huschenbeth Niclas (GER)"]
[Black "Navara David (CZE)"]
[Result "0-1"]
[WhiteFideId "24604747"]
[BlackFideId "309095"]
[WhiteElo "2603"]
[BlackElo "2689"]

1. d4 {[%clk 00:10:18]} {[%emt 00:00:02]} d5 {[%clk 00:10:19]} {[%emt
00:00:01]} 2. Nf3 {[%clk 00:10:26]} {[%emt 00:00:01]} Nf6 {[%clk 00:10:27]}
{[%emt 00:00:02]} 3. c3 {[%clk 00:10:36]} {[%emt 00:00:01]} e6 {[%clk
00:10:30]} {[%emt 00:00:06]} 4. Bf4 {[%clk 00:10:44]} {[%emt 00:00:02]} Bd6
{[%clk 00:10:13]} {[%emt 00:00:27]} 5. e3 {[%clk 00:10:53]} {[%emt 00:00:01]}
c5 {[%clk 00:10:17]} {[%emt 00:00:05]} 6. Nbd2 {[%clk 00:10:52]} {[%emt
00:00:11]} Qc7 {[%clk 00:09:46]} {[%emt 00:00:42]} 7. Bxd6 {[%clk 00:11:00]}
{[%emt 00:00:03]} Qxd6 {[%clk 00:09:54]} {[%emt 00:00:01]} 8. Ne5 {[%clk
00:10:56]} {[%emt 00:00:14]} O-O {[%clk 00:08:14]} {[%emt 00:01:49]} 9. Bd3
{[%clk 00:11:00]} {[%emt 00:00:06]} b6 {[%clk 00:08:22]} {[%emt 00:00:03]} 10.
Qe2 {[%clk 00:10:41]} {[%emt 00:00:29]} a5 {[%clk 00:08:26]} {[%emt 00:00:05]}
11. h4 {[%clk 00:09:43]} Ba6 {[%clk 00:07:19]} {[%emt 00:02:26]} 12. Bxa6
{[%clk 00:09:52]} Rxa6 {[%clk 00:07:27]} {[%emt 00:00:03]} 13. h5 {[%clk
00:10:00]} {[%emt 00:00:02]} h6 {[%clk 00:07:12]} {[%emt 00:00:25]} 14. g4
{[%clk 00:09:38]} {[%emt 00:00:31]} cxd4 {[%clk 00:04:45]} {[%emt 00:02:37]} 15.
exd4 {[%clk 00:09:44]} {[%emt 00:00:04]} b5 {[%clk 00:04:54]} {[%emt 00:00:02]}
16. f4 {[%clk 00:07:58]} {[%emt 00:01:56]} Nh7 {[%clk 00:04:53]} {[%emt
00:00:10]} 17. Nb3 {[%clk 00:05:44]} {[%emt 00:02:25]} b4 {[%clk 00:04:30]}
{[%emt 00:00:33]} 18. Nc5 {[%clk 00:05:52]} {[%emt 00:00:01]} Rb6 {[%clk
00:04:35]} {[%emt 00:00:04]} 19. c4 {[%clk 00:05:10]} {[%emt 00:00:53]} dxc4
{[%clk 00:04:28]} {[%emt 00:00:17]} 20. O-O-O {[%clk 00:04:47]} {[%emt
00:00:33]} c3 {[%clk 00:03:20]} {[%emt 00:01:18]} 21. Kb1 {[%clk 00:04:56]}
{[%emt 00:00:01]} Qd5 {[%clk 00:03:00]} {[%emt 00:00:29]} 22. Nc4 {[%clk
00:04:58]} {[%emt 00:00:08]} Rc6 {[%clk 00:01:52]} {[%emt 00:01:18]} 23. Nxa5
{[%clk 00:03:08]} {[%emt 00:02:00]} Rc7 {[%clk 00:01:59]} {[%emt 00:00:03]} 24.
bxc3 {[%clk 00:02:03]} {[%emt 00:01:16]} bxc3 {[%clk 00:02:04]} {[%emt
00:00:04]} 25. Rh3 {[%clk 00:02:03]} {[%emt 00:00:10]} Nc6 {[%clk 00:01:16]}
{[%emt 00:00:58]} 26. Nxc6 {[%clk 00:01:38]} {[%emt 00:00:35]} Rxc6 {[%clk
00:01:24]} {[%emt 00:00:02]} 27. Rxc3 {[%clk 00:01:47]} {[%emt 00:00:01]} Nf6
{[%clk 00:01:27]} {[%emt 00:00:07]} 28. Ka1 {[%clk 00:01:37]} {[%emt 00:00:21]}
Ra8 {[%clk 00:01:21]} {[%emt 00:00:15]} 29. g5 {[%clk 00:01:21]} {[%emt
00:00:25]} hxg5 {[%clk 00:00:37]} {[%emt 00:00:54]} 30. fxg5 {[%clk 00:01:31]}
Nxh5 {[%clk 00:00:19]} {[%emt 00:00:29]} 31. g6 {[%clk 00:01:06]} {[%emt
00:00:35]} fxg6 {[%clk 00:00:26]} {[%emt 00:00:02]} 32. Rb3 {[%clk 00:01:01]}
{[%emt 00:00:15]} Kh7 {[%clk 00:00:23]} {[%emt 00:00:13]} 33. Qc2 {[%clk
00:00:58]} {[%emt 00:00:13]} e5 {[%clk 00:00:25]} {[%emt 00:00:09]} 34. Qb2
{[%clk 00:00:26]} {[%emt 00:00:43]} Rxc5 {[%clk 00:00:30]} {[%emt 00:00:05]}
0-1

[Event "World Cup 2023 Open"]
[Site "Baku, Azerbaijan"]
[Date "2023.08.05"]
[Round "15.18"]
[White "Donchenko Alexander (GER)"]
[Black "Bartel Mateusz (POL)"]
[Result "1-0"]
[WhiteFideId "24603295"]
[BlackFideId "1112635"]
[WhiteElo "2668"]
[BlackElo "2614"]

1. c4 {[%clk 00:10:10]} {[%emt 00:00:09]} e6 {[%clk 00:10:12]} {[%emt
00:00:08]} 2. Nf3 {[%clk 00:10:12]} {[%emt 00:00:09]} d5 {[%clk 00:10:19]}
{[%emt 00:00:02]} 3. e3 {[%clk 00:10:21]} {[%emt 00:00:02]} Nf6 {[%clk
00:10:21]} {[%emt 00:00:08]} 4. Nc3 {[%clk 00:10:28]} {[%emt 00:00:02]} Be7
{[%clk 00:10:28]} {[%emt 00:00:03]} 5. b3 {[%clk 00:10:30]} {[%emt 00:00:09]}
O-O {[%clk 00:10:07]} {[%emt 00:00:31]} 6. Bb2 {[%clk 00:10:39]} {[%emt
00:00:02]} a6 {[%clk 00:10:12]} {[%emt 00:00:05]} 7. Be2 {[%clk 00:10:12]}
{[%emt 00:00:37]} b6 {[%clk 00:08:42]} {[%emt 00:01:40]} 8. cxd5 {[%clk
00:09:33]} {[%emt 00:00:49]} exd5 {[%clk 00:08:49]} {[%emt 00:00:03]} 9. O-O
{[%clk 00:09:38]} {[%emt 00:00:05]} c5 {[%clk 00:08:16]} {[%emt 00:00:43]} 10.
d4 {[%clk 00:09:37]} {[%emt 00:00:11]} Be6 {[%clk 00:08:18]} {[%emt 00:00:08]}
11. Qc2 {[%clk 00:08:51]} {[%emt 00:00:57]} Nc6 {[%clk 00:07:29]} {[%emt
00:00:59]} 12. Rad1 {[%clk 00:08:39]} {[%emt 00:00:22]} cxd4 {[%clk 00:06:32]}
{[%emt 00:01:08]} 13. Nxd4 {[%clk 00:08:42]} {[%emt 00:00:07]} Nxd4 {[%clk
00:06:40]} {[%emt 00:00:02]} 14. Rxd4 {[%clk 00:08:50]} {[%emt 00:00:03]} Qc7
{[%clk 00:06:27]} {[%emt 00:00:23]} 15. Rc1 {[%clk 00:08:22]} {[%emt 00:00:38]}
Qb7 {[%clk 00:06:34]} {[%emt 00:00:03]} 16. Bf3 {[%clk 00:07:07]} {[%emt
00:01:25]} Rac8 {[%clk 00:06:26]} {[%emt 00:00:18]} 17. Qb1 {[%clk 00:06:37]}
{[%emt 00:00:40]} Rc5 {[%clk 00:04:29]} {[%emt 00:02:06]} 18. Ba3 {[%clk
00:05:48]} {[%emt 00:00:59]} Rc7 {[%clk 00:03:16]} {[%emt 00:01:23]} 19. Bxe7
{[%clk 00:05:33]} {[%emt 00:00:25]} Rxe7 {[%clk 00:03:24]} {[%emt 00:00:01]} 20.
e4 {[%clk 00:05:08]} {[%emt 00:00:36]} Qd7 {[%clk 00:03:01]} {[%emt 00:00:33]}
21. e5 {[%clk 00:04:31]} {[%emt 00:00:48]} Ng4 {[%clk 00:01:53]} {[%emt
00:01:18]} 22. Bxg4 {[%clk 00:03:32]} {[%emt 00:01:08]} Bxg4 {[%clk 00:02:01]}
{[%emt 00:00:02]} 23. Nxd5 {[%clk 00:03:39]} {[%emt 00:00:03]} Rxe5 {[%clk
00:01:36]} {[%emt 00:00:35]} 24. Nf6+ {[%clk 00:03:32]} {[%emt 00:00:17]} gxf6
{[%clk 00:01:44]} {[%emt 00:00:02]} 25. Rxd7 {[%clk 00:03:40]} {[%emt
00:00:02]} Bxd7 {[%clk 00:01:52]} {[%emt 00:00:02]} 26. Qd3 {[%clk 00:03:21]}
{[%emt 00:00:29]} Bb5 {[%clk 00:01:11]} {[%emt 00:00:51]} 27. Qg3+ {[%clk
00:03:25]} {[%emt 00:00:06]} Kh8 {[%clk 00:01:10]} {[%emt 00:00:11]} 28. a4
{[%clk 00:03:17]} {[%emt 00:00:19]} Be2 {[%clk 00:00:44]} {[%emt 00:00:35]} 29.
h3 {[%clk 00:02:26]} {[%emt 00:01:01]} Re6 {[%clk 00:00:42]} {[%emt 00:00:12]}
30. Qh4 {[%clk 00:02:06]} {[%emt 00:00:29]} Bd3 {[%clk 00:00:33]} {[%emt
00:00:19]} 31. Qd4 {[%clk 00:01:39]} {[%emt 00:00:36]} Bg6 {[%clk 00:00:36]}
{[%emt 00:00:07]} 32. Rc7 {[%clk 00:01:44]} {[%emt 00:00:06]} Rg8 {[%clk
00:00:38]} {[%emt 00:00:08]} 33. Kh2 {[%clk 00:01:47]} {[%emt 00:00:07]} Be4
{[%clk 00:00:39]} {[%emt 00:00:08]} 34. g3 {[%clk 00:01:23]} {[%emt 00:00:36]}
Bg6 {[%clk 00:00:40]} {[%emt 00:00:08]} 35. Rb7 {[%clk 00:01:18]} {[%emt
00:00:15]} b5 {[%clk 00:00:28]} {[%emt 00:00:23]} 36. axb5 {[%clk 00:01:23]}
{[%emt 00:00:05]} axb5 {[%clk 00:00:37]} {[%emt 00:00:01]} 37. Rxb5 {[%clk
00:01:28]} {[%emt 00:00:04]} Kg7 {[%clk 00:00:45]} {[%emt 00:00:02]} 38. h4
{[%clk 00:00:55]} {[%emt 00:00:44]} h5 {[%clk 00:00:50]} {[%emt 00:00:04]} 39.
b4 {[%clk 00:00:54]} {[%emt 00:00:11]} Re4 {[%clk 00:00:49]} {[%emt 00:00:11]}
40. Qc3 {[%clk 00:00:58]} {[%emt 00:00:06]} Re2 {[%clk 00:00:53]} {[%emt
00:00:05]} 41. Qf3 {[%clk 00:00:57]} {[%emt 00:00:11]} Re6 {[%clk 00:01:01]}
{[%emt 00:00:02]} 42. Rc5 {[%clk 00:00:35]} {[%emt 00:00:32]} Rd8 {[%clk
00:01:10]} {[%emt 00:00:01]} 43. b5 {[%clk 00:00:24]} {[%emt 00:00:22]} Rd3
{[%clk 00:00:55]} {[%emt 00:00:24]} 44. Qf4 {[%clk 00:00:26]} {[%emt 00:00:08]}
Re4 {[%clk 00:00:56]} {[%emt 00:00:08]} 45. Qc1 {[%clk 00:00:18]} {[%emt
00:00:19]} Red4 {[%clk 00:00:36]} {[%emt 00:00:30]} 46. Qa1 {[%clk 00:00:12]}
{[%emt 00:00:16]} Rd2 {[%clk 00:00:39]} {[%emt 00:00:06]} 47. Kh3 {[%clk
00:00:15]} {[%emt 00:00:08]} Rd1 {[%clk 00:00:43]} {[%emt 00:00:06]} 48. Rc1
{[%clk 00:00:23]} {[%emt 00:00:03]} Bf5+ {[%clk 00:00:50]} {[%emt 00:00:03]} 49.
Kh2 {[%clk 00:00:26]} {[%emt 00:00:08]} R1d2 {[%clk 00:00:56]} {[%emt
00:00:04]} 50. Kg1 {[%clk 00:00:31]} {[%emt 00:00:05]} Rb4 {[%clk 00:01:01]}
{[%emt 00:00:03]} 51. b6 {[%clk 00:00:29]} {[%emt 00:00:14]} Rxb6 {[%clk
00:01:08]} {[%emt 00:00:03]} 52. Qa5 {[%clk 00:00:38]} {[%emt 00:00:01]} Rc2
{[%clk 00:01:07]} {[%emt 00:00:10]} 53. Ra1 {[%clk 00:00:30]} {[%emt 00:00:19]}
1-0

[Event "World Cup 2023 Open"]
[Site "Baku, Azerbaijan"]
[Date "2023.08.05"]
[Round "15.21"]
[White "Kollars Dmitrij (GER)"]
[Black "Ponomariov Ruslan (UKR)"]
[Result "1/2-1/2"]
[WhiteFideId "12909572"]
[BlackFideId "14103320"]
[WhiteElo "2618"]
[BlackElo "2664"]

1. e4 {[%clk 00:10:12]} {[%emt 00:00:07]} e5 {[%clk 00:10:20]} {[%emt
00:00:01]} 2. Nf3 {[%clk 00:10:21]} Nc6 {[%clk 00:10:29]} 3. Bc4 {[%clk
00:10:30]} {[%emt 00:00:02]} Bc5 {[%clk 00:10:38]} {[%emt 00:00:01]} 4. c3
{[%clk 00:10:39]} {[%emt 00:00:01]} Nf6 {[%clk 00:10:46]} 5. d3 {[%clk
00:10:48]} {[%emt 00:00:01]} d6 {[%clk 00:10:56]} 6. O-O {[%clk 00:10:54]}
{[%emt 00:00:04]} a5 {[%clk 00:11:05]} {[%emt 00:00:01]} 7. Re1 {[%clk
00:10:57]} {[%emt 00:00:07]} O-O {[%clk 00:11:12]} {[%emt 00:00:03]} 8. h3
{[%clk 00:11:06]} {[%emt 00:00:01]} Be6 {[%clk 00:11:18]} {[%emt 00:00:04]} 9.
Bb5 {[%clk 00:11:06]} {[%emt 00:00:10]} Ba7 {[%clk 00:11:24]} {[%emt 00:00:04]}
10. Nbd2 {[%clk 00:10:50]} {[%emt 00:00:25]} Ne7 {[%clk 00:10:16]} {[%emt
00:01:18]} 11. d4 {[%clk 00:10:53]} {[%emt 00:00:08]} c6 {[%clk 00:10:22]}
{[%emt 00:00:03]} 12. Bf1 {[%clk 00:10:52]} {[%emt 00:00:11]} Ng6 {[%clk
00:10:16]} {[%emt 00:00:16]} 13. a4 {[%clk 00:10:44]} {[%emt 00:00:18]} h6
{[%clk 00:09:59]} {[%emt 00:00:28]} 14. b3 {[%clk 00:10:15]} {[%emt 00:00:38]}
d5 {[%clk 00:08:12]} {[%emt 00:01:57]} 15. Nxe5 {[%clk 00:07:37]} {[%emt
00:02:49]} Nxe5 {[%clk 00:08:17]} {[%emt 00:00:05]} 16. dxe5 {[%clk 00:07:43]}
{[%emt 00:00:04]} Nxe4 {[%clk 00:08:25]} {[%emt 00:00:02]} 17. Nxe4 {[%clk
00:07:52]} {[%emt 00:00:01]} dxe4 {[%clk 00:08:33]} 18. Qc2 {[%clk 00:07:50]}
{[%emt 00:00:12]} Qd5 {[%clk 00:08:23]} {[%emt 00:00:20]} 19. Bf4 {[%clk
00:06:19]} {[%emt 00:01:40]} Qxb3 {[%clk 00:07:55]} {[%emt 00:00:39]} 20. Qxb3
{[%clk 00:06:24]} {[%emt 00:00:05]} Bxb3 {[%clk 00:08:04]} {[%emt 00:00:01]} 21.
Reb1 {[%clk 00:06:34]} Be6 {[%clk 00:07:52]} {[%emt 00:00:22]} 22. Rxb7 {[%clk
00:06:41]} {[%emt 00:00:02]} g5 {[%clk 00:05:56]} {[%emt 00:02:06]} 23. Bg3
{[%clk 00:06:13]} {[%emt 00:00:39]} Rfb8 {[%clk 00:05:34]} {[%emt 00:00:32]} 24.
Rab1 {[%clk 00:05:48]} {[%emt 00:00:36]} Rxb7 {[%clk 00:05:39]} {[%emt
00:00:05]} 25. Rxb7 {[%clk 00:05:56]} Bc5 {[%clk 00:05:40]} {[%emt 00:00:09]}
26. Be2 {[%clk 00:05:33]} {[%emt 00:00:34]} Rd8 {[%clk 00:05:44]} {[%emt
00:00:06]} 27. Rc7 {[%clk 00:05:41]} {[%emt 00:00:01]} Rc8 {[%clk 00:04:52]}
{[%emt 00:01:01]} 28. Rb7 {[%clk 00:05:40]} {[%emt 00:00:11]} Rd8 {[%clk
00:04:58]} {[%emt 00:00:05]} 29. Rc7 {[%clk 00:05:46]} {[%emt 00:00:05]} Rc8
{[%clk 00:05:02]} {[%emt 00:00:05]} 30. Rb7 {[%clk 00:05:49]} {[%emt 00:00:07]}
Rd8 {[%clk 00:05:11]} {[%emt 00:00:01]} 1/2-1/2

[Event "World Cup 2023 Open"]
[Site "Baku, Azerbaijan"]
[Date "2023.08.05"]
[Round "15.24"]
[White "Guseinov Gadir (AZE)"]
[Black "Bjerre Jonas Buhl (DEN)"]
[Result "1-0"]
[WhiteFideId "13401378"]
[BlackFideId "1444948"]
[WhiteElo "2661"]
[BlackElo "2624"]

1. e4 {[%clk 00:10:18]} {[%emt 00:00:01]} e5 {[%clk 00:10:19]} {[%emt
00:00:01]} 2. Nf3 {[%clk 00:10:26]} {[%emt 00:00:02]} Nc6 {[%clk 00:10:28]} 3.
Bb5 {[%clk 00:10:22]} {[%emt 00:00:15]} a6 {[%clk 00:10:37]} {[%emt 00:00:01]}
4. Ba4 {[%clk 00:10:30]} {[%emt 00:00:02]} Nf6 {[%clk 00:10:46]} {[%emt
00:00:01]} 5. d3 {[%clk 00:10:38]} {[%emt 00:00:03]} b5 {[%clk 00:10:54]}
{[%emt 00:00:02]} 6. Bb3 {[%clk 00:10:47]} Bc5 {[%clk 00:11:03]} 7. O-O {[%clk
00:10:51]} {[%emt 00:00:07]} d6 {[%clk 00:11:02]} {[%emt 00:00:11]} 8. a3
{[%clk 00:10:46]} {[%emt 00:00:16]} h6 {[%clk 00:10:54]} {[%emt 00:00:18]} 9.
Nc3 {[%clk 00:10:37]} {[%emt 00:00:19]} O-O {[%clk 00:10:59]} {[%emt 00:00:05]}
10. Nd5 {[%clk 00:10:34]} {[%emt 00:00:13]} Rb8 {[%clk 00:09:54]} {[%emt
00:01:16]} 11. Be3 {[%clk 00:10:17]} {[%emt 00:00:26]} Nxd5 {[%clk 00:09:29]}
{[%emt 00:00:35]} 12. Bxd5 {[%clk 00:10:19]} {[%emt 00:00:08]} Bxe3 {[%clk
00:09:32]} {[%emt 00:00:07]} 13. fxe3 {[%clk 00:10:26]} {[%emt 00:00:04]} Ne7
{[%clk 00:09:38]} {[%emt 00:00:03]} 14. Ba2 {[%clk 00:10:18]} {[%emt 00:00:18]}
Ng6 {[%clk 00:08:58]} {[%emt 00:00:50]} 15. b4 {[%clk 00:10:05]} {[%emt
00:00:24]} Qe7 {[%clk 00:09:01]} {[%emt 00:00:07]} 16. Nd2 {[%clk 00:09:20]}
{[%emt 00:00:54]} Be6 {[%clk 00:08:51]} {[%emt 00:00:21]} 17. Bxe6 {[%clk
00:09:26]} {[%emt 00:00:04]} Qxe6 {[%clk 00:08:57]} {[%emt 00:00:04]} 18. Qh5
{[%clk 00:09:18]} {[%emt 00:00:18]} Ne7 {[%clk 00:08:39]} {[%emt 00:00:28]} 19.
Rf2 {[%clk 00:09:13]} {[%emt 00:00:15]} Rbc8 {[%clk 00:08:44]} {[%emt
00:00:06]} 20. a4 {[%clk 00:09:10]} {[%emt 00:00:13]} c5 {[%clk 00:08:06]}
{[%emt 00:00:47]} 21. axb5 {[%clk 00:09:18]} {[%emt 00:00:02]} axb5 {[%clk
00:08:14]} {[%emt 00:00:02]} 22. bxc5 {[%clk 00:09:07]} {[%emt 00:00:21]} dxc5
{[%clk 00:06:55]} {[%emt 00:01:29]} 23. Nf3 {[%clk 00:09:06]} {[%emt 00:00:10]}
f6 {[%clk 00:06:54]} {[%emt 00:00:12]} 24. Nh4 {[%clk 00:08:46]} {[%emt
00:00:30]} c4 {[%clk 00:06:42]} {[%emt 00:00:23]} 25. h3 {[%clk 00:07:08]}
{[%emt 00:01:47]} b4 {[%clk 00:06:20]} {[%emt 00:00:32]} 26. dxc4 {[%clk
00:06:03]} {[%emt 00:01:15]} Rxc4 {[%clk 00:06:25]} {[%emt 00:00:06]} 27. Ra7
{[%clk 00:05:51]} {[%emt 00:00:23]} Rf7 {[%clk 00:03:01]} {[%emt 00:03:33]} 28.
Rd2 {[%clk 00:05:39]} {[%emt 00:00:22]} Nc6 {[%clk 00:02:05]} {[%emt 00:01:06]}
29. Rd6 {[%clk 00:04:39]} {[%emt 00:01:10]} Qe8 {[%clk 00:01:55]} {[%emt
00:00:20]} 30. Rc7 {[%clk 00:04:34]} {[%emt 00:00:16]} Rxc2 {[%clk 00:01:10]}
{[%emt 00:00:55]} 31. Nf5 {[%clk 00:04:30]} {[%emt 00:00:13]} b3 {[%clk
00:00:26]} {[%emt 00:00:54]} 32. Rxf6 {[%emt 00:02:02]} gxf6 {[%clk 00:00:27]}
{[%emt 00:00:09]} 33. Nxh6+ {[%clk 00:02:25]} {[%emt 00:00:23]} Kg7 {[%clk
00:00:29]} {[%emt 00:00:08]} 34. Rxf7+ {[%clk 00:01:42]} {[%emt 00:00:53]} Qxf7
{[%clk 00:00:34]} {[%emt 00:00:05]} 35. Qxf7+ {[%clk 00:01:46]} {[%emt
00:00:06]} Kxh6 {[%clk 00:00:42]} {[%emt 00:00:02]} 36. Qxf6+ {[%clk 00:01:54]}
{[%emt 00:00:01]} Kh7 {[%clk 00:00:51]} {[%emt 00:00:01]} 37. Qf7+ {[%clk
00:02:01]} {[%emt 00:00:03]} Kh6 {[%clk 00:00:56]} {[%emt 00:00:05]} 38. Qxb3
{[%clk 00:02:09]} {[%emt 00:00:02]} Rc5 {[%clk 00:01:03]} {[%emt 00:00:03]} 39.
Qe6+ {[%clk 00:02:15]} {[%emt 00:00:04]} Kg7 {[%clk 00:01:11]} {[%emt
00:00:02]} 40. Kh2 {[%clk 00:02:23]} {[%emt 00:00:02]} Rc2 {[%clk 00:01:20]}
{[%emt 00:00:02]} 41. h4 {[%clk 00:02:30]} {[%emt 00:00:03]} 1-0

[Event "World Cup 2023 Open"]
[Site "Baku, Azerbaijan"]
[Date "2023.08.05"]
[Round "15.28"]
[White "Mamedov Rauf (AZE)"]
[Black "Predke Alexandr (SRB)"]
[Result "1-0"]
[WhiteFideId "13401653"]
[BlackFideId "24107581"]
[WhiteElo "2636"]
[BlackElo "2651"]

1. e4 {[%clk 00:10:19]} c5 {[%clk 00:10:19]} {[%emt 00:00:01]} 2. Nf3 {[%clk
00:10:28]} {[%emt 00:00:01]} e6 {[%clk 00:10:28]} {[%emt 00:00:02]} 3. c3
{[%clk 00:10:37]} {[%emt 00:00:01]} Nf6 {[%clk 00:10:36]} {[%emt 00:00:01]} 4.
e5 {[%clk 00:10:46]} {[%emt 00:00:01]} Nd5 {[%clk 00:10:45]} {[%emt 00:00:01]}
5. d4 {[%clk 00:10:55]} cxd4 {[%clk 00:10:52]} {[%emt 00:00:02]} 6. cxd4 {[%clk
00:11:04]} {[%emt 00:00:02]} d6 {[%clk 00:11:01]} 7. Bc4 {[%clk 00:11:13]}
{[%emt 00:00:01]} dxe5 {[%clk 00:11:10]} {[%emt 00:00:01]} 8. dxe5 {[%clk
00:11:22]} {[%emt 00:00:01]} Bb4+ {[%clk 00:11:17]} {[%emt 00:00:02]} 9. Nbd2
{[%clk 00:11:31]} {[%emt 00:00:01]} O-O {[%clk 00:11:25]} {[%emt 00:00:03]} 10.
O-O {[%clk 00:11:25]} {[%emt 00:00:16]} Qc7 {[%clk 00:11:33]} {[%emt 00:00:02]}
11. a3 {[%clk 00:11:28]} {[%emt 00:00:06]} Bxd2 {[%clk 00:11:36]} {[%emt
00:00:07]} 12. Bxd5 {[%clk 00:11:38]} exd5 {[%clk 00:11:43]} {[%emt 00:00:03]}
13. Bxd2 {[%clk 00:11:47]} Nc6 {[%clk 00:11:46]} {[%emt 00:00:06]} 14. Bc3
{[%clk 00:11:56]} {[%emt 00:00:01]} Rd8 {[%clk 00:11:51]} {[%emt 00:00:04]} 15.
Qa4 {[%clk 00:10:10]} {[%emt 00:01:56]} d4 {[%clk 00:10:32]} {[%emt 00:01:30]}
16. Nxd4 {[%clk 00:09:52]} {[%emt 00:00:29]} Nxe5 {[%clk 00:09:32]} {[%emt
00:01:09]} 17. Rfe1 {[%clk 00:08:30]} {[%emt 00:01:32]} Bd7 {[%clk 00:08:38]}
{[%emt 00:01:04]} 18. Nb5 {[%clk 00:07:35]} {[%emt 00:01:05]} Qc4 {[%clk
00:07:38]} {[%emt 00:01:10]} 19. Qxc4 {[%clk 00:07:43]} {[%emt 00:00:02]} Nxc4
{[%clk 00:07:47]} {[%emt 00:00:01]} 20. Nc7 {[%clk 00:07:52]} Rac8 {[%clk
00:07:27]} {[%emt 00:00:30]} 21. Nd5 {[%clk 00:08:00]} {[%emt 00:00:01]} Rb8
{[%clk 00:07:00]} {[%emt 00:00:37]} 22. Rad1 {[%clk 00:06:48]} {[%emt
00:01:22]} Be6 {[%clk 00:06:08]} {[%emt 00:01:03]} 23. Nf4 {[%clk 00:06:56]}
Bf5 {[%clk 00:06:13]} {[%emt 00:00:05]} 24. f3 {[%clk 00:06:47]} {[%emt
00:00:20]} Rxd1 25. Rxd1 {[%clk 00:06:56]} Re8 {[%clk 00:04:29]} {[%emt
00:00:16]} 26. Rd5 {[%clk 00:06:37]} {[%emt 00:00:28]} Ne3 {[%clk 00:04:19]}
{[%emt 00:00:20]} 27. Rc5 {[%clk 00:06:11]} {[%emt 00:00:36]} Bd7 {[%clk
00:03:44]} {[%emt 00:00:45]} 28. Nh5 {[%clk 00:05:37]} {[%emt 00:00:44]} f6
{[%clk 00:00:29]} {[%emt 00:03:25]} 29. Rc7 {[%clk 00:05:28]} {[%emt 00:00:20]}
Re7 {[%clk 00:00:16]} {[%emt 00:00:23]} 30. Rxb7 {[%clk 00:05:18]} {[%emt
00:00:20]} Nd1 {[%clk 00:00:24]} {[%emt 00:00:02]} 31. Bb4 {[%clk 00:05:20]}
{[%emt 00:00:08]} 1-0